MyGZULibrary

Discovering our past : (Record no. 541)

MARC details
000 -LEADER
fixed length control field 01024cam a2200277 a 4500
001 - CONTROL NUMBER
control field 4450107
003 - CONTROL NUMBER IDENTIFIER
control field GZU
005 - DATE AND TIME OF LATEST TRANSACTION
control field 20200904121311.0
008 - FIXED-LENGTH DATA ELEMENTS--GENERAL INFORMATION
fixed length control field 950202s1996 cauab b 001 0 eng
010 ## - LIBRARY OF CONGRESS CONTROL NUMBER
LC control number 95003683
020 ## - INTERNATIONAL STANDARD BOOK NUMBER
International Standard Book Number 1559345217
040 ## - CATALOGING SOURCE
Original cataloging agency DLC
Transcribing agency DLC
Modifying agency DLC
050 00 - LIBRARY OF CONGRESS CALL NUMBER
Classification number CC75
Item number .ASH 1996
100 1# - MAIN ENTRY--PERSONAL NAME
Personal name Ashmore, Wendy,
Dates associated with a name 1948-
Relator term author
245 10 - TITLE STATEMENT
Title Discovering our past :
Remainder of title a brief introduction to archaeology /
Statement of responsibility, etc. Wendy Ashmore, Robert J. Sharer.
250 ## - EDITION STATEMENT
Edition statement 2nd ed.
260 ## - PUBLICATION, DISTRIBUTION, ETC.
Place of publication, distribution, etc. Mountain View, Calif. :
Name of publisher, distributor, etc. Mayfield Pub. Co.,
Date of publication, distribution, etc. c1996.
300 ## - PHYSICAL DESCRIPTION
Extent xiii, 266 p. :
Other physical details ill., maps ;
Dimensions 24 cm.
500 ## - GENERAL NOTE
General note Includes bibliographical references (p. 245-255) and index.
504 ## - BIBLIOGRAPHY, ETC. NOTE
Bibliography, etc. note Includes bibliographical references (p. 245-255) and index.
650 #0 - SUBJECT ADDED ENTRY--TOPICAL TERM
Topical term or geographic name entry element Archaeology.
700 1# - ADDED ENTRY--PERSONAL NAME
Personal name Sharer, Robert J.
Relator term author
906 ## - LOCAL DATA ELEMENT F, LDF (RLIN)
a 7
b cbc
c orignew
d 1
e ocip
f 19
g y-gencatlg
942 ## - ADDED ENTRY ELEMENTS (KOHA)
Source of classification or shelving scheme Library of Congress Classification
Koha item type Books
Edition 2nd ed.
Classification part 75
Item part ASH
Call number prefix CC
Holdings
Withdrawn status Lost status Source of classification or shelving scheme Damaged status Not for loan Collection code Home library Current library Shelving location Date acquired Total Checkouts Full call number Barcode Date last seen Copy number Price effective from Koha item type
    Library of Congress Classification     Non-fiction City Campus Library City Campus Library General Stacks 12/15/2015   CC75 ASH 1996 024695 09/04/2020 c. 1 09/04/2020 Books